000 00771nam a2200253Ia 4500
003 GCL
008 140319s9999 xx 000 0 ara d
040 _aGCL /
_cGCL
082 0 4 _aط
_b398.21
_bح ا
100 1 _aمحمد احمد برانق
245 1 0 _aشهرزاد ودنيازاد /
_cمحمد احمد برانق
700 1 _aامين احمد العطار
700 1 _aحسن جوهر
260 _a[S.N] :
_bدار المعارف ،
_c1991
300 _a196 ص
490 _aالف ليلة وليلة
_v0
650 0 4 _aالاطفال
650 0 4 _aالاساطير العربية
650 0 4 _aالقصص
650 0 4 _aقصص الاطفال
650 0 4 _aالقصص الخرافية
650 0 4 _aالف ليلة وليلة
942 _2ddc
_cBK
999 _c56850
_d56850